Mechanics of pre-industrial technology : an introduction to the mechanics of ancient and traditional material culture

Saved in:
Bibliographic Details
Main Author: Cotterell, Brian, 1934-
Other Authors: Kamminga, Johan
Format: Book
Language:English
Published: Cambridge : Cambridge University Press, 1992.
Subjects:
Tags: Add Tag
No Tags, Be the first to tag this record!

MARC

LEADER 00000cam a2200000 i 4500
001 1/84246
008 080509s1992 enk| ||| |||| ||eng||
020 |a 0521428718   |q (χαρτόδετο) 
035 |l 10097141 
040 |a GR-MyUa  |b gre  |e AACR2 
041 0 |a eng 
082 7 |a 620.1009   |2 (22) 
100 1 |a Cotterell, Brian,   |d 1934- 
245 1 0 |a Mechanics of pre-industrial technology :   |b an introduction to the mechanics of ancient and traditional material culture /   |c Brian Cotterell, Johan Kamminga. 
260 |a Cambridge :   |b Cambridge University Press,   |c 1992.  
300 |a xv, 325 σ. :   |b εικ. ;   |c 24 εκ. 
504 |a Βιβλιογραφία: σ. [309]-317. Ευρετήριο.  
650 0 |a Mechanics. 
650 0 |a Material culture. 
650 0 |a Industries, Primitive. 
700 1 |a Kamminga, Johan. 
852 |a INST  |b SYROS  |e 20080509  |h 620.1009 COT  |p 005500005999  |q 005500005999  |t BK  |y 0 
901 |a BIBL5-2008-2 
922 |a 5ΕΛΗ  |b 200712  |c ΕΠΕΑΕΚ2/ΤΜΣΠΣ  |d Ελευθερουδάκης 
970 |a Καγιαβά  |b Ειρήνη  |z 09/05/2008